000 01310cam a2200361Ia 4500
001 33026824
003 OCoLC
005 20180528135225.0
008 950822s1994 nyua j 000 1 spa d
020 _a0590480731
_qpbk.
020 _a9780590480734
_qpbk.
035 _a(OCoLC)33026824
040 _aSMP
_beng
_cSMP
_dOCL
_dOCLCQ
_dWSC
_dOCLCQ
_dOCLCF
_dOCLCQ
_dOCLCO
_dJTH
_dOCLCO
_dSO$
041 1 _aspa
_heng
050 1 4 _aPZ73.H8795
_bCl 1994
092 _fJ
_aHURWITZ
100 1 _aHurwitz, Johanna.
_eauthor.
240 1 0 _aClass clown.
_lSpanish.
245 1 3 _aEl payaso de la clase /
_cJohanna Hurwitz ; ilustrado por Sheila Hamanaka.
260 _aNew York :
_bScholastic,
_cc1994.
300 _a88 pages ;
_c20 cm.
336 _atext
_btxt
_2rdacontent.
337 _aunmediated
_bn
_2rdamedia.
338 _avolume
_bnc
_2rdacarrier.
500 _aTranslation of: Class clown.
520 _aLucas Cott, the most obstreperous boy in the third grade, finds it very hard to turn over a new leaf when he decides to become the perfect student.
650 0 _aSchools
_vJuvenile fiction.
650 0 _aConduct of life
_vJuvenile fiction.
650 0 _aEscuelas
_vNovela juvenil.
_2bidex.
650 0 _aConducta (Etica)
_vNovela juvenil.
_2bidex.
700 1 _aHamanaka, Sheila,
_eillustrator.
942 _cBK
999 _c20794
_d20794